LEADER 01607nam a2200337 i 4500 001 000000244673 003 CaOOAMICUS 005 20230426091157.0 008 150813s1732 it u000 u ita u 026 $aille o.el e.i. seun (3) 1732 (R) 040 $aSeMil$bita 100 1 $aCalino, Cesare,$c.$0(OLS)http://semarc/name/13786 245 10$aQuaresimale di Cesare Calino della Compagnia di Gesł. 260 $aIn Venezia :$bPresso Gio: Battista Recurti,$c1732. 300 $a[16], 534, [2] p. ;$c4°. 500 $aA c. 2L4r-v: Opere dell'Autore di questo libro, stampate in Venezia da Gio. Battista Recurti ... 500 $aMarca editoriale: La Religione: Donna seduta con croce nella mano sinistra e fiammella nella destra, alla sua destra un elefante (Repertorio consultato: Marques d'impressors, Univ. di Barcellona). 500 $aCors. ; rom. 500 $aSegn.: a8 A-2K8 2L4 500 $aNumerosi errori nella numerazione delle pagine 500 $aIniz., finalini xilogr. 500 $aTesto su due colonne 650 4$aQuaresima - Predicazione.$0(OLS)http://semarc/subject/3053 700 1 $aRecurti, Giovanni Battista,$c.$0(OLS)http://semarc/name/7178 850 $aSeMil 852 $aSeMil$W1$xVenegono$y1$m3F V 129 FA$j195019$B195019$CSeMilBibl$Z2$F205660 $8I 941 1 $a10 961 $aRecupero: Mantegazza 996 $6245$aQuaresimale di Cesare Calino della Compagnia di Gesł$9(OLS)http://semarc/title/346556 996 $6260$aIn Venezia :$bPresso Gio: Battista Recurti$9(OLS)http://semarc/publisher/34159 LEADER 02152nam a2200313 4500 001 000000354970 003 CaOOAMICUS 005 20230817120838.0 008 230810s1756 it a 000 u ita r 026 $ee.a. P.I. o-i- oi o- (S) 1756 (Q) 040 $aSeMil$bita 110 21$aMilano$c.$0(OLS)http://semarc/name/72392 245 10$aMaria Theresia, Dei gratia, Romanorum imperatrix, regina Hungariae, Bohemiae &c., archidux Austriae &c., dux Mediolani &c. &c. &c. Francesco duca di Modena ec., amministratore del governo, e capitano generale della Lombardia austriaca ... . 264 1$aIn Milano :$bNella Regia Ducal Corte, per Giuseppe Richino Malatesta stampatore regio camerale,$c1756. 300 $a1 manifesto :$b1 stemma ;$cfol. 500 $aTitolo dell'intitolazione 500 $aIniziale xilogr. 500 $aDispaccio riguardante la tutela del possesso di ovini della Comunitą di Vaprio 500 $aData di emanazione in calce: Dat. in Milano li 28. maggio 1756 500 $aIncipit del testo: Nella costante massima d'indennizzara al possibile questi fedeli sudditi della Maestą Sua non abbiamo lasciato di conoscere degna dell'opportuno provvedimento fattaci dalli maggiori estomati, e compossessori della Comunitą di Vaprio ... 700 0 $aMaria Theresia,$c.$0(OLS)http://semarc/name/117005 700 1 $aMalatesta, Giuseppe Richino,$c.$0(OLS)http://semarc/name/15115 850 $aSeMil 852 $aSeMil$W1$xVenegono$y1$m3Z VI 3/4 FA$j243006$B246253$CSeMilBibl$Z2$F246253 $8I 900 1 $aMaria Teresa : d'Austria . 996 $6245$aMaria Theresia, Dei gratia, Romanorum imperatrix, regina Hungariae, Bohemiae &c., archidux Austriae &c., dux Mediolani &c. &c. &c. Francesco duca di Modena ec., amministratore del governo, e capitano generale della Lombardia austriaca ... $9(OLS)http://semarc/title/442608 996 $6264$aIn Milano :$bNella Regia Ducal Corte, per Giuseppe Richino Malatesta stampatore regio camerale$9(OLS)http://semarc/publisher/39431